MDQL
is popping MORE tags! Check the
thread
!
Quizzes
Events
Quiz Creation
Community
Videos
Private Events
Remove Ads
Sign In
Join for FREE
Feedback
Dark Mode
Quiz Categories
Sports
Geography
Music
Movies
Television
Just For Fun
Miscellaneous
History
Literature
Language
Science
Gaming
Entertainment
Religion
Holiday
For Kids
Quiz Lab
Recent
Popular Today
Quiz Kudos Today
Editor Picks
Curator Picks
Quizzes by...
Day
Popularity
Type
Ratings
Length
Year
Community
Subscriptions
Recent Discussions
Orange Saloon
Badges
Playlists
Quests
Create
Leaderboards
Showdown
Live 5
Trivia Bingo
Activity
Puzzle Library
Sporcle Events
Private Events
Virtual Trivia
Globe League
Become a Host
Pub Owners
SporcleCon
Opinionation
Our Games
Videos
Blog
Mobile Apps
Partnerships
Remove Ads and Go Orange
Feedback
Television
TV Characters
TV Show
Sitcom
Network
Friends
Reality Shows
Cast
South Park
Star Trek
The Simpsons
Doctor Who
Television
TV Characters
TV Show
Sitcom
Network
Friends
Reality Shows
Cast
South Park
Star Trek
The Simpsons
Doctor Who
Random Quiz
Search Sporcle
×
Quiz Lab
Quiz Lab
Television
Won
Type in answers that appear in a list
Type in answers that appear in a list
Classic
Best Score? Go Orange.
Survivor: Who Won This Challenge Individually? Stats
Can you name the Survivor: Who Won This Challenge Individually??
By
CydneyG
20m
83 Questions
191 Plays
191 Plays
191 Plays
Comments
Comments
Give Quiz Kudos
Give Quiz Kudos
-
- Ratings
hide this ad
Random Order
Randomize order of answers
Randomize order of answers
Replay
Link that replays current quiz
Next Quiz
Link to next quiz in quiz playlist
You Got
0%
They Got
Avg Score
80%
Avg Friend Score
Upgrade to see
Score Distribution
Jump to the score distribution portion of the page
Score
0/83
Timer
20:00
0
Plays Today
Hint
Answer
% Correct
Mud Run
Tony
95.8%
Survivor Obstacle Course
Colleen
95.3%
House Of Cards/
Teeter Tower
Susie
94.8%
Learn From Past Mistakes/
Second Chance
Colby
94.2%
Touchy Subjects/
Get Smashed Q&A/
Body Slam/
Jala-
powed
Rob
94.2%
Survivor Smorgasbord (Gross Food Challenge)
Helen
93.7%
Get A Grip
Twila
93.7%
Broken China/
Offer It Up
Parvati
93.7%
Snag, Drag & Bag/
Weight and Sea/
Puppet Master
Coach
93.7%
Troubled Water/
Floatsam & Jetsam
Eliza
93.7%
Hand On A Hard Idol
Neleh
92.7%
Keep It Up
Parvati
92.7%
Perch/
Self-
Destruction
Deena
92.1%
Fallen Comrades/
Crush
Vecepia
91.6%
Blue Plate Special/
Pot Shots/
Sands Of Time/
Signal Fire
Tom
91.6%
Jail Break (Duel)
Matthew
91.1%
The Maze (Roundabout/
Meso Maze/
A-
maz-
ing Gabon/
Maya Maze/
Snakes and Ladders
Amber
91.1%
Sea Legs/
Dragon Rider/
Balance of Power/
Set Adrift/
Bermuda Triangles
Kathy
90.6%
Rope-
a-
Dope/
Around The Bend/
Brains and Brawn
Abi-Maria
90.6%
Block It Out
Tina
90.6%
Box Your Mind/
Propellerheads/
Marine Memory/
R.A.M./
Running The Numbers
Ethan
90.1%
Flashback/
Living Color
Peih Gee
90.1%
Survivor Folklore/
Witch Hunt
Eliza
89.5%
Step On Up
Brian
89.5%
Great Escape Run/
Twisted/
Fun Climb/
The Crystal Method/
Jacob's Ladder
Erik
89%
Pegatory Knockout/
Wall to Wall/
A Maze N' Jig
Terry
88.5%
Braille Maze/
Blind Maze
Jenna
88.5%
Survivor Shuffleboard/
Tocantins Shuffle/
Shoot 'n' Shuffle
Debbie
88%
Hint
Answer
% Correct
Survivor Scramble/
Swahili Scramble/
Under Current/
What Do You Make Of This?
Lex
88%
Cannonball Run/
One Track Mind
Malcolm
88%
Fire And Water
Tom
87.4%
Waiting To Exhale
Kathy
86.9%
Last Gasp/
Breathing Space
Jason
86.4%
Wrist Assured
Carter
86.4%
Concentration/
Memory/
Brain Food
Matthew
85.9%
When It Rains, It Pours
Parvati
85.3%
Over-
Extended
Russell
85.3%
Vertigo/
Perch
Kass
85.3%
Fire Making Challenge/
Fired Up/
Fast Fire (Immunity Challenge, Not Tiebreaker Challenge
Richard
84.8%
Operation Balance Build/
Stacked Up
Marissa
84.3%
I Hold On/
Back Splash
Monica
84.3%
Survivor Quiz/
C.A.T/
Shattered Dreams
Cindy
84.3%
Vertically Challenged
Mike
84.3%
A Bit Tipsy/
Got A Hunch
Cydney
83.8%
A Leg Up/
Free Will
Tina
83.8%
Sinmotion
Christine
83.2%
Pass The Bucket
Parvati
82.7%
End Of The Line
Gervase
82.7%
Rollerballs/
Take The Reins
Natalie
82.2%
Race To Shore/
One For All
Jolanda
81.7%
Flip Out/
Turtle Roll/
Watch Your Step/
Squared Off
Rudy
80.6%
Chimney Sweep
Yau Man
80.1%
Rock Block
Ralph
79.1%
The Ball Drop
Michael
78.5%
Know Your Loved One
Jon
78%
Station By Station/
Combo Platter
Aras
78%
Hint
Answer
% Correct
Gang Hang
Andrea
78%
Ballin' A Jack
Natalie
78%
Drop A Log
Jaison
78%
Mask Match/
Coat Of Arms
Fabio
76.4%
Hard To Handle/
Bow Diddley
Whitney
75.9%
The Domino Effect/
Backed Up
Candice
75.9%
A Numbers Game
Ashley
75.4%
Paddle Out/
Inside Track
Tasha
74.9%
The Home Stretch
Aubry
74.3%
Pole Dancing/
Money Box
Stephenie
72.8%
Odd Shaped Bottoms
Jay
71.2%
Playing Bridge
Christine
69.6%
The Game Is Afoot
Baylor
69.6%
Keep On Your Toes
Tyler
68.6%
Shooting Gallery
Denise
67.5%
Stomp-
ede/
Tromp Stomp
Brett
64.4%
Balancing Point
Katie
62.8%
Rock Bottom
Paschal
59.7%
Pot Head
Sophie
59.7%
Bone To Pick
Alicia
53.9%
Strung Out/
Pulled Up/
Push Your Luck
Ciera
53.4%
Uncomfortably Numb
Reed
50.3%
Keel Hauling
Burton
48.7%
Cube Crisis
Ted
46.6%
Choose Your Weapon
Alex
45%
Letter Hunt
Ted
44%
Log Jam
Marcus
43.5%
Quiz Playlist
Details
Report
Send in Message
Add To Playlist
Classic:
Type in answers that appear in a list
Random Order:
Randomize order of answers
Last Updated: Jul 27, 2017
Quiz Scoreboard
CHALLENGE
Sign Up to Join the Scoreboard
Show All
Scores
Hide
Comments
May contain spoilers
Recently Published
Street Fighter Characters
by Artimus82
Gaming
60s
9x9 Crossword: Cartoon Network
by jackfrog10
Miscellaneous
3m
College Basketball Coaching Resumes
by pancakes188
Sports
9m
More to Explore
Quiz From the Vault
Featured Blog Post
Where Did the Easter Bunny Come From?
hide this ad
You Might Also Like...
Tags
challenge
Survivor
Won
Today's Top Quizzes in Television
Browse Television
hide this ad
Today's Top Quizzes in Won
Browse Won
Top Contributed Quizzes in Television
1
5-to-1: The Simpsons Families
2
Adjectives in 80s TV Shows
3
Adjectives in 00s TV Shows
4
Survivor Journey Challenge
5
5-to-1: Television Doctors
6
7-to-1: TV Show Settings
7
Adjectives in 10s TV Shows
8
5-to-1: Streaming Originals
9
Survivor Seasons
10
Adjectives in 70s TV Shows
Explore More
Trending Topics
Crossword
Harry Potter
Anime
Kpop
Marvel
NBA
Disney
Puzzle
Country
NFL
WWE
Song
The Office
Pokémon
Soccer
hide this ad
More By:
CydneyG
Quiz
Plays
Rating
Category
Featured
Created
Survivor: Who Won This Challenge Individually?
191
5.00
Television
Jun 21, 2016
Go to Creator's Profile
Score Distribution
Quiz Creator Spotlight
CydneyG
Follow
Send a Message
Quizzes Created
-
Created Quiz Play Count
-
More By This Creator
Popular Quizzes Today
1
Find the US States - No Outlines Minefield
2
Find the Countries of Europe - No Outlines Minefield
3
The Countries of the World
4
Find the US States
5
Risky Map Clicking: Biggest States A-Z
6
US States
7
Popular People in 1961
8
Movies - When Are They Set?
More Television Quizzes
True or False Blitz: Television
Published
Trending Quizzes
Risky Map Clicking: Least Populous States A-Z
Countries of the World: 200 Million BC
Billboard Blitz: Aretha Franklin
1-10 Letter G Words
Famous Russians: Author or Composer?
Recently Updated
Leaping Animals
pecheneg
Reality TV Shows (A-Z)
bhenderson79
Rickey Henderson's Hall of Fame Teammates
pecheneg
Champions League XIs: Arsenal
pecheneg
Quick Pick: Celebrities in WWE's Hall of Fame
aduchscher
A-Z Keypad Blitz II
pecheneg
Multiple Oscar Actors
pecheneg
Mystery Phrase Blitz: Oscar 'Best Actors'
pecheneg
F. Scott Fitzgerald Novels
LTH
Pick 3 Villains
ddd62291
Trending Topics
Harry Potter
Anime
Kpop
Marvel
Crossword
NBA
Disney
Puzzle
Song
The Office
Country
Soccer
WWE
Pokémon
NFL
Your Account Isn't Verified!
In order to create a playlist on Sporcle, you need to verify the email address you used during registration. Go to your
Sporcle Settings
to finish the process.
Report this User
Report this user for behavior that violates our
Community Guidelines
.
Details:
Send Report
Go to the Sporcle.com Mobile Site →
Comments